BOTW Divine Beast Quiz - Statistics

General Stats
  • This quiz has been taken 95 times
    93 since last reset
  • The average score is 15 of 17
Answer Stats
Hint Answer % Correct
Rito Champion Revali
96%
Hylian Champion Link
92%
Rito Divine Beast Vah Medoh
92%
Zora Divine Beast Vah Ruta
92%
Goron Champion Daruk
91%
Zora Champion Mipha
91%
Goron Divine Beast Vah Rudania
91%
Assistant Sidon
88%
Gerudo Champion Urbosa
88%
Gerudo Divine Beast Vah Naboris
87%
Scourge of Rito Divine Beast Windblight Ganon
85%
Assistant Yunobo
85%
Scourge of Goron Divine Beast Fireblight Ganon
83%
Scourge of Zora Divine Beast Waterblight Ganon
83%
Scourge of Gerudo Divine Beast Thunderblight Ganon
82%
Assistant Teba
79%
Assistant Riju
77%
No matching quizzes found
Score Distribution
Percent of People with Each Score
Percentile by Number Answered
Your Score History
You have not taken this quiz since the last reset